| 000 | 01237nam0a22002771 4500 | ||
|---|---|---|---|
| 001 | rc\3673474 | ||
| 005 | 20250610060523.0 | ||
| 035 | _a(NLR Aleph) 007746932 | ||
| 090 |
_a7221436 _c7221436 |
||
| 100 | _a20130115d1970 |||y0rusy50 ca | ||
| 101 | 0 | _arus | |
| 102 | _aRU | ||
| 105 | _ay z ||||| | ||
| 200 | 1 |
_aРоль В.И. Ленина в развитии философии _fМеждунар. науч. симпозиум ЮНЕСКО "В.И. Ленин и проблемы развития науки, культуры и образования" (Тампере, 6-10 апр. 1970 г.) |
|
| 210 |
_a[Москва _cБ. и. _d1970] |
||
| 215 |
_a9 с. _d21 |
||
| 300 | _aПеред загл. авт.: П.В. Копнин; на 1-й с. П.В. Копнин, акад. АН УССР. | ||
| 309 | _aОтпеч. множит. аппаратом | ||
| 532 | 1 | 0 | _aРоль Владимира Ильича Ленина в развитии философии |
| 700 | 1 |
_aКопнин _bП.В. _f1922-1971 _gПавел Васильевич |
|
| 702 | 1 |
_aЛенин _bВ.И. _f1870-1924 _gВладимир Ильич _4570 |
|
| 801 | 0 |
_aRU _bNLR _gpsbo |
|
| 801 | 1 |
_aRU _bELAR _2rusmarc |
|
| 852 |
_aNLR _j69-6/14144 |
||
| 942 | _cBOOK | ||
| 980 | _aNB | ||